000 00718nam a2200289Ia 4500
005 20260324122812.0
008 008 260324s9999 xx 000 0 eng d
020 _a9780203720097
037 _aEBOOK
040 _aCRL
040 _beng
040 _cCRL
041 _2eng
041 _aeng
084 _qCRL
100 _aKerrie Eyers; Gordon Parker; Henry Brodaty
_91167869
245 0 _aManaging Depression, Growing Older
245 2 _bA guide for professionals and carers
260 _bTaylor and Francis
260 _c2012
365 _a
365 _b220
856 _uhttp://www.taylorfrancis.com/books/9780203720097
942 _cEBOOK
999 _c1760877
_d1760877